000 00430 a2200169 4500
001 185791
020 _a85-200-0484-9
040 _cMagnum
100 _aMarx, Karl
240 1 0 _aO capital: crítica da economia política v.3
_lpor
245 1 0 _aO capital: crítica da economia política v.3
300 _a600
362 0 _a203
440 1 _aCivilização Brasileira
697 _aECONOMIA E DISCIPLINAS AFINS
942 _cBK
999 _c185791
_d185791